| 000 | 01206nam a2200325 c 4500 | ||
|---|---|---|---|
| 999 |
_c490695 _d490695 |
||
| 003 | BLK | ||
| 005 | 20230503100610.0 | ||
| 008 | 180411b bul|||||r ||||||| ||bul|| | ||
| 010 | _aKNG00193751000 | ||
| 020 | _a9786192404277 | ||
| 040 | _aBLK | ||
| 041 |
_aBUL _cBUL |
||
| 080 |
_aБългарска литература _b821.163.2 _x-93-34 _z821.163.2-93-34 |
||
| 139 | _aРечи чекръче | ||
| 245 | 1 | 0 |
_aРечи чекръче _cхудож. Лилия Тодорова |
| 257 | _aBGR | ||
| 260 |
_bПАН _c2022 _aСофия |
||
| 300 |
_a10 с. _bс цв. ил. _c24 см |
||
| 380 | _aDX | ||
| 490 |
_aМоята първа приказка _9201815 |
||
| 500 | _aКор. опис. - Името на ил. отбелязано в изд. каре. | ||
| 700 |
_aТодорова, Лилия _eил. _9384168 |
||
| 852 | _aЦб 317344 | ||
| 856 |
_i0.00 _ldisable |
||
| 942 |
_cKNG _n0 _05 _s1 |
||
| 944 |
_aCR _c2023-04-28 _kВиолета_Тройчева |
||
| 999 | _d490695 | ||
| 999 | _d490691 | ||
| 999 | _d490691 | ||
| 999 | _d184775 | ||